| 000 | 00961cam a22002894a 4500 | ||
|---|---|---|---|
| 001 | 3575651 | ||
| 003 | BD-DhUL | ||
| 005 | 20150114143800.0 | ||
| 008 | 990302s2000 njua 001 0 eng | ||
| 010 | _a 99024236 | ||
| 020 | _a0132808684 | ||
| 040 |
_aDLC _cDLC _dDLC _dBD-DhUL |
||
| 042 | _apcc | ||
| 050 | 0 | 0 |
_aTK7871.58.O6 _bG38 2000 |
| 082 | 0 | 0 |
_a621.395 _221 _bGAO |
| 100 | 1 | _aGayakwad, Ramakant A. | |
| 245 | 1 | 0 |
_aOp-amps and linear integrated circuits / _cRamakant A. Gayakwad. |
| 250 | _a4th ed. | ||
| 260 |
_aUpper Saddle River, N.J. : _bPrentice Hall, _cc2000. |
||
| 300 |
_axv, 543 p. : _bill. ; _c24 cm. |
||
| 365 |
_aRS _b250.00 |
||
| 650 | 0 | _aOperational amplifiers. | |
| 650 | 0 | _aLinear integrated circuits. | |
| 906 |
_a7 _bcbc _corignew _d1 _eocip _f19 _gy-gencatlg |
||
| 942 |
_2ddc _cBK |
||
| 955 | _apc14 to ja00 03-02-99; jf05 to subj. 03/02/99; jf08 03-02-99 to SL;jf12 03-04-99 to ddc; CIP ver. jf03 03-28-00; jf12 to BCCD 04-01-00 | ||
| 999 |
_c30915 _d30915 |
||